|
|
|
|
| LEADER |
00000nab a2200000 ar4500 |
| 001 |
vtls009966771 |
| 003 |
SK-MaSNL |
| 005 |
20260304032954.0 |
| 008 |
091104c2009 xo |||||||||||000 b|slo |
| 015 |
|
|
|a SNBRB2009/11
|2 snkbucl
|
| 038 |
|
|
|a SNKBUCL
|
| 040 |
|
|
|a SNKBUCL
|b slo
|c SNKBUCL
|e AACR2
|
| 041 |
0 |
|
|a slo
|
| 044 |
|
|
|a xo
|c SK
|
| 080 |
|
|
|a 639.1.052.04
|x (437.3)
|2 2001
|
| 245 |
0 |
0 |
|a Malebné miesto menom Radějov
|c [autor] R.
|
| 300 |
|
|
|b Fotogr.
|
| 650 |
0 |
7 |
|a zvernice
|2 snkbucl
|9 58872
|
| 651 |
|
7 |
|a Hodonín (Česko : okres)
|2 snkbucl
|9 108883
|
| 773 |
0 |
|
|t Naše poľovníctvo
|g Roč. VI, č. 11 (2009), s. 27
|x 1336-5568
|
| 852 |
|
|
|a SNK
|b KIS3GCP
|
| 958 |
|
|
|a CZ
|
| 999 |
|
|
|c 2645921
|d 2647851
|